| 000 | 00346 a2200121 4500 | ||
|---|---|---|---|
| 001 | ART_12834 | ||
| 005 | 20260410161733.0 | ||
| 008 | 260409a | ||
| 245 | 1 | 0 | _aQuebrantos impositivos |
| 100 | 1 | _aGebhardt, Jorge | |
| 700 | 1 | _aStepanenko, Felipe C. | |
| 773 | 0 |
_tEjecutivos de finanzas _g- Año 6, Nº 49 (sep. 1988) _wREV2863 |
|
| 999 |
_c18065 _d18065 |
||